Cándido y los incendiarios

محفوظ في:
التفاصيل البيبلوغرافية
المؤلف الرئيسي: Frisch, Max (مؤلف)
التنسيق: كتاب
اللغة:الإسبانية
منشور في: Buenos Aires Editorial Sur 1964
الطبعة:1a. ed
الموضوعات:
الوسوم: إضافة وسم
لا توجد وسوم, كن أول من يضع وسما على هذه التسجيلة!

MARC

LEADER 00000cam a2200000 a 4500
001 UCE3108
003 CL-VaPUC
008 140814e19640000ag |||||||||||||||||spa|d
082 0 4 |a 839.702  |b FRI  |2 21 
100 0 |a Frisch, Max  |e author  |9 575614 
245 1 0 |a Cándido y los incendiarios 
250 |a 1a. ed 
300 |a 146 p 
942 |c BK 
945 |d 20140814 14:58:00  |a arojas 
260 |a Buenos Aires  |b Editorial Sur  |c 1964 
500 |a Versión castellana de Nicolas Costa y N. Silvetti Paz 
650 7 |a DRAMAS SUIZOS  |2 CL-VaPUC  |9 573089 
650 7 |a LITERATURA SUIZA  |2 CL-VaPUC  |9 575615 
583 |a last modification  |c 20140814 14:58:00  |k Rodrigo Vera 
999 |c 356557  |d 356555 
952 |0 0  |1 0  |3 erb  |4 0  |6 839_702000000000000_FRI_1964  |7 0  |8 A  |9 464004  |a BIBEDU  |b BIBEDU  |i 5006783  |o 839.702 FRI 1964  |p 5006783  |r 2019-11-23  |w 2019-11-23  |y BK  |z Catalogado en:20140814  |k LIT